[Event "Ibiza Eivissa op 8th"]
[Site "Eivissa"]
[Date "2019.07.27"]
[Round "6"]
[White "Colom Riera, Marc"]
[Black "Angola Canchimbo, Elmer"]
[Result "1/2-1/2"]
[WhiteElo "1385"]
[BlackElo "1556"]
[PlyCount "69"]
[EventDate "2019.07.07"]
[EventType "swiss"]
[EventRounds "7"]
[EventCountry "ESP"]
[SourceTitle "EXT 2020"]
[Source "ChessBase"]
[SourceDate "2019.10.17"]
[SourceVersion "1"]
[SourceVersionDate "2019.10.17"]
[SourceQuality "1"]

1. e4 c6 2. d4 d5 3. exd5 cxd5 4. c4 Nf6 5. Nf3 Bf5 6. Nc3 e6 7. cxd5 Nxd5 8. Bb5+ Nc6 9. Ne5 Qb6 10. Qa4 Rc8 11. 0-0 Bd6 12. Nc4 Qc7 13. Nxd6+ Qxd6 14. Nxd5 Qxd5 15. Bxc6+ bxc6 16. Qxa7 0-0 17. Qc5 Qd8 18. b3 Be4 19. Bg5 f6 20. Bh4 Bd5 21. f3 Rb8 22. b4 Rb5 23. Qc3 Rf7 24. a4 Rb6 25. Qc5 Rfb7 26. Rfb1 Ra6 27. b5 Rab6 28. Be1 Qa8 29. bxc6 Rxc6 30. Qa5 Ra6 31. Qc5 Rxb1 32. Rxb1 Rxa4 33. Qd6 Kf7 34. Qc7+ Kg6 35. Qg3+ 1/2-1/2

[Event "Ibiza Eivissa op 8th"]
[Site "Eivissa"]
[Date "2019.07.20"]
[Round "4"]
[White "Colom Riera, Marc"]
[Black "Roig Roig, Pau"]
[Result "1/2-1/2"]
[WhiteElo "1385"]
[BlackElo "1126"]
[PlyCount "113"]
[EventDate "2019.07.07"]
[EventType "swiss"]
[EventRounds "7"]
[EventCountry "ESP"]
[SourceTitle "EXT 2020"]
[Source "ChessBase"]
[SourceDate "2019.10.17"]
[SourceVersion "1"]
[SourceVersionDate "2019.10.17"]
[SourceQuality "1"]

1. e4 e6 2. d4 d5 3. Nd2 c5 4. exd5 exd5 5. Ngf3 Nf6 6. Bb5+ Bd7 7. Bxd7+ Qxd7 8. 0-0 Be7 9. dxc5 Bxc5 10. Nb3 Be7 11. Re1 0-0 12. h3 Nc6 13. Be3 b6 14. Nbd4 Rfe8 15. Nxc6 Qxc6 16. Nd4 Qd7 17. Qf3 Rad8 18. Rad1 h6 19. Bc1 Bc5 20. Rxe8+ Rxe8 21. c3 Qa4 22. b3 Qxa2 23. Bxh6 Bxd4 24. cxd4 Re6 25. Qg3 g6 26. Qb8+ Re8 27. Qg3 Qc2 28. Qf3 Qc6 29. Bf4 Rc8 30. Rc1 Qd7 31. Rxc8+ Qxc8 32. Be5 Ne4 33. Qe3 Qf8 34. f3 f6 35. Bh2 Ng5 36. h4 Nf7 37. Qe6 Qd8 38. Kf2 Kf8 39. g4 f5 40. Kg3 fxg4 41. fxg4 Qc7+ 42. Kh3 Qc3+ 43. Bg3 Qxb3 44. Qxg6 Qf3 45. Qf5 Qxf5 46. gxf5 a5 47. Bc7 a4 48. Bxb6 a3 49. Ba5 a2 50. Bc3 Ke7 51. Kg4 Kf6 52. Kf4 Nh6 53. Bb2 Nxf5 54. h5 Nh6 55. Bc3 Nf5 56. Bb2 Nh6 57. Bc3 1/2-1/2

[Event "Port de Pollensa op"]
[Site "Port de Pollenca"]
[Date "2019.03.18"]
[Round "1"]
[White "Colom Riera, Marc"]
[Black "Abadia Pascual, Luis"]
[Result "0-1"]
[WhiteElo "1349"]
[BlackElo "1905"]
[PlyCount "95"]
[EventDate "2019.03.18"]
[EventType "swiss"]
[EventRounds "7"]
[EventCountry "ESP"]
[SourceTitle "CBM 189 Extra"]
[Source "ChessBase"]
[SourceDate "2019.06.03"]
[SourceVersion "1"]
[SourceVersionDate "2019.06.03"]
[SourceQuality "1"]

1. c4 f5 2. Nc3 Nf6 3. Nf3 g6 4. g3 Bg7 5. d3 0-0 6. Bg2 d6 7. h3 e5 8. Be3 Nc6 9. Qd2 Be6 10. Bh6 Qd7 11. Bxg7 Kxg7 12. Ng5 Bg8 13. Nd5 Nxd5 14. Bxd5 Bxd5 15. cxd5 Nd4 16. h4 h6 17. Nh3 Qf7 18. Rc1 Qxd5 19. Rxc7+ Rf7 20. Rxf7+ Qxf7 21. b3 Rc8 22. Qd1 Rc2 23. e3 Qd5 24. 0-0 Nf3+ 25. Kh1 Rd2 26. Qc1 Rxd3 27. Qc7+ Qf7 28. Rc1 Rd1+ 29. Kg2 Ne1+ 30. Kh2 Rxc1 31. Qxc1 Nd3 32. Qc2 Nc5 33. b4 Ne4 34. f3 Nf6 35. a4 Qd7 36. Nf2 Qc6 37. Qxc6 bxc6 38. Kg2 Nd5 39. e4 Nxb4 40. Nd1 fxe4 41. fxe4 Nd3 42. Kf3 Kf6 43. Ke3 Nc5 44. Nc3 h5 45. a5 Nb3 46. a6 Nc5 47. Na2 Nxa6 48. Kd3 0-1